Colorful Shape Search Quiz Stats

Quiz Updated Apr 10, 2016

Also try: Colors by Any Word
Challenge
Share
Tweet
Score 0/30 Timer 01:00
4 Plays Today
% Correct
Black Triangle
89.2%
Black Heart
89.2%
Black Circle
89.1%
Red Circle
89.1%
Yellow Heart
89%
Red Heart
89%
Green Heart
89%
Blue Circle
89%
Yellow Triangle
89%
Yellow Square
89%
Black Square
89%
Blue Triangle
89%
Red Square
88.9%
Red Triangle
88.9%
Green Triangle
88.8%
% Correct
Yellow Circle
88.8%
Blue Heart
88.8%
Green Circle
88.7%
Orange Circle
88.7%
Blue Square
88.6%
Orange Heart
88.5%
Green Square
88.3%
Orange Triangle
88.2%
Orange Square
87.9%
Green Sun
87.5%
Blue Sun
87.1%
Yellow Sun
87%
Black Sun
86.3%
Red Sun
86.1%
Orange Sun
85.2%

You're not logged in!

Compare scores with friends on all Sporcle quizzes.
Sign Up with Email
OR
Log In

You Might Also Like...

Show Comments

Extras

Top Quizzes Today


Score Distribution

Your Account Isn't Verified!

In order to create a playlist on Sporcle, you need to verify the email address you used during registration. Go to your Sporcle Settings to finish the process.